Náklady podniku a možnosti ich optimalizácie s dopadom na výsledok hospodárenia bakalárska práca

Salvato in:
Dettagli Bibliografici
Autore principale: Janík, Samuel
Ente Autore: Fakulta podnikového manažmentu EU. Katedra podnikovohospodárska
Altri autori: Kufelová, Iveta, 1970-
Natura: Libro
Lingua:slovacco
Pubblicazione: Bratislava 2022
Tags: Aggiungi Tag
Nessun Tag, puoi essere il primo ad aggiungerne!!

MARC

LEADER 00000nbm a2200000 4500
001 0285603
005 20230215115855.8
041 0 |a slo 
044 |a SK 
245 1 0 |a Náklady podniku a možnosti ich optimalizácie s dopadom na výsledok hospodárenia  |b bakalárska práca  |c Samuel Janík ; školiteľ: Iveta Kufelová 
264 1 |a Bratislava  |c 2022 
300 |a 51 s. 
100 1 |a Janík, Samuel 
700 1 |a Kufelová, Iveta, 1970- 
710 2 |a Fakulta podnikového manažmentu EU. Katedra podnikovohospodárska